Vytvorenie námrazových máp pre Slovenskú republiku

Uložené v:
Podrobná bibliografia
Hlavný autor: Hassel, Robert (Autor)
Ďalší autori: Janíček, František (Vedúci práce)
Médium: Rukopis Kniha
Jazyk:Slovak
Vydavateľské údaje: 2017
Predmet:
On-line prístup:http://is.stuba.sk/zp/portal_zp.pl?podrobnosti=131259
Tagy: Pridať tag
Žiadne tagy, Buďte prvý, kto otaguje tento záznam!

MARC

LEADER 00000ntm a22000003a 4500
001 stuzp55363
003 SK-STU
005 20170703100306.7
007 ta
008 150427s2015----xo-----f-mn---000-0-slo-d
040 |a STU  |b slo 
041 0 |a slo 
044 |a xo 
100 1 |a Hassel, Robert  |u 032000  |4 aut  |U FEI Fakulta elektrotechniky a informatiky  |T FEI Ústav elektroenergetiky a aplikovanej elektrotechniky  |X 9014  |U E020  |Y 548  |7 9014 
242 0 1 |a Creating icing maps for the Slovak Republic  |y eng 
245 1 0 |a Vytvorenie námrazových máp pre Slovenskú republiku 
260 |c 2017 
300 |a 66 s. 
650 4 |a vonkajšie elektrické vedenia  |2 slo 
650 4 |a námraza  |2 slo 
650 4 |a námrazomerná stanica  |2 slo 
650 4 |a overhead power lines  |2 eng 
650 4 |a icing  |2 eng 
650 4 |a icing station  |2 eng 
700 1 |a Janíček, František  |u 032000  |k Z1  |4 ths  |U FEI Fakulta elektrotechniky a informatiky  |T FEI Ústav elektroenergetiky a aplikovanej elektrotechniky  |X 1958  |U E020  |Y 548  |7 A000001958 
856 4 |u http://is.stuba.sk/zp/portal_zp.pl?podrobnosti=131259 
996 |b 284EP11700  |c E*DIPL- 11700  |l EE32  |s P  |a 0  |w stuzp55363_0001